Estudio de la Micro Cuenca Masaya - Granada evaluando su Potencial Hídrico Subterráneo y Contaminación para el Desarrollo Sostenible de la finca experimental FTC
El trabajo presenta la Geología, hidrogeología y la Hidroquímica de la Microcuenca que abarca algunas comarcas de Masaya y Granada, en la vertiente del pacifico de Nicaragua, con el objetivo de evaluar el rendimiento sostenible de este acuífero para fines de explotación de la finca Experimental...
| Main Authors: | , |
|---|---|
| Other Authors: | |
| Format: | Tesis Section = Libro |
| Language: | Undetermined Spanish |
| Published: |
Managua
UNI
2003
|
| Subjects: |
| LEADER | 01356nam a2200277Ia 4500 | ||
|---|---|---|---|
| 008 | 240830s9999 xx 000 0 und d | ||
| 040 | |a BIBLIOTECA-RUPAP Mon 628.114 E74 | ||
| 041 | |a spa | ||
| 082 | |a Mon 628.114 E74 | ||
| 100 | 1 | |a Escobar Simones, Emilia Aurora | |
| 100 | 1 | |b Mora Salinas, Carlos José | |
| 245 | 1 | 0 | |a Estudio de la Micro Cuenca Masaya - Granada evaluando su Potencial Hídrico Subterráneo y Contaminación para el Desarrollo Sostenible de la finca experimental FTC |
| 260 | |a Managua |b UNI |c 2003 | ||
| 300 | |a 80 p. :il. | ||
| 500 | |a Contiene: anexos. | ||
| 502 | |a Tesis (Ingeniero Agrícola)- UNI, 2003. | ||
| 520 | 3 | |a El trabajo presenta la Geología, hidrogeología y la Hidroquímica de la Microcuenca que abarca algunas comarcas de Masaya y Granada, en la vertiente del pacifico de Nicaragua, con el objetivo de evaluar el rendimiento sostenible de este acuífero para fines de explotación de la finca Experimental FTC que pertenece a la Universidad Nacional de Ingeniería. | |
| 650 | 7 | |a AGUAS SUBTERRANEAS - MICRO CUENCA - MASAYA - GRANADA | |
| 650 | 7 | |b CARACTERISTICAS MICRO CUENCA - MASAYA - GRANADA - CONTAMINACION | |
| 650 | 7 | |c GEOLOGIA | |
| 650 | 7 | |d HIDROLOGIA | |
| 650 | 7 | |e TRATAMIENTO DEL AGUA | |
| 700 | 1 | |a Tutor: |b Espinoza González, Luis Gustavo | |
| 942 | |c BK |2 ddc | ||
| 991 | |a TESIS | ||
| 999 | |c 16250 | ||